Becoming Baba Saheb: The Life and Times of Bhimrao Ramji Ambedkar - Vol 1: Birth to Mahad (1891-1929) (Record no. 1312925)

MARC details
000 -LEADER
fixed length control field 00619nam a2200217Ia 4500
005 - DATE AND TIME OF LATEST TRANSACTION
control field 20250506172944.0
008 - FIXED-LENGTH DATA ELEMENTS--GENERAL INFORMATION
fixed length control field 008 250505s9999 xx 000 0 eng d
020 ## - INTERNATIONAL STANDARD BOOK NUMBER
International Standard Book Number 9789356991217
037 ## - SOURCE OF ACQUISITION
Stock number TB
040 ## - CATALOGING SOURCE
Original cataloging agency ILCL
Language of cataloging eng
Transcribing agency ILCL
041 ## - LANGUAGE CODE
Language code of text/sound track or separate title eng
Source of code eng
082 ## - DEWEY DECIMAL CLASSIFICATION NUMBER
Assigning agency ILCL
100 ## - MAIN ENTRY--PERSONAL NAME
Personal name Rathore, Aakash Singh
245 #0 - TITLE STATEMENT
Title Becoming Baba Saheb: The Life and Times of Bhimrao Ramji Ambedkar - Vol 1: Birth to Mahad (1891-1929)
260 ## - PUBLICATION, DISTRIBUTION, ETC.
Place of publication, distribution, etc. Haryana
Name of publisher, distributor, etc. Harper Collins Publishers
Date of publication, distribution, etc. 2023
300 ## - PHYSICAL DESCRIPTION
Extent xxiii,273p.
365 ## - TRADE PRICE
Price type code INR
490 ## - SERIES STATEMENT
Volume/sequential designation 1
942 ## - ADDED ENTRY ELEMENTS (KOHA)
Koha item type Textbook
Source of classification or shelving scheme
Holdings
Withdrawn status Lost status Source of classification or shelving scheme Damaged status Not for loan Home library Current library Source of acquisition Cost, normal purchase price Inventory number Total Checkouts Full call number Barcode Date last seen Date last checked out Price effective from Koha item type
    Colon Classification (CC)     Integrated Law Course library Integrated Law Course library Pragati Publications 699.00 77 dt.17-09-2024 1 V2,wM91 R3 IL1864085 2026-04-18 2026-02-25 2025-05-06 Textbook
Copyright @ Delhi University Library System